100 Most-Known Cities in Europe on a Map - Statistics

General Stats
  • This quiz has been taken 5,981 times
  • The average score is 78 of 100
Answers on the Map
Answers color-coded by a green-red scale on the quiz's map according to % correct below.
 
Answer Stats
Percent Cities % Correct
76.5% London
99%
71.2% Paris
99%
69.7% Berlin
98%
68.5% Madrid
98%
68.1% Rome
98%
63.7% Barcelona
97%
63.6% Dublin
97%
68.1% Moscow
97%
63.2% Oslo
97%
61.8% Amsterdam
96%
62.8% Athens
96%
59.0% Kiev
96%
62.5% Lisbon
96%
60.7% Stockholm
96%
63.3% Warsaw
96%
58.2% Helsinki
94%
57.2% Milan
94%
60.2% Vienna
94%
57.0% Brussels
93%
56.1% Budapest
93%
57.9% Copenhagen
93%
55.6% Manchester
93%
58.8% Munich
93%
57.6% Prague
93%
59.6% Saint Petersburg
93%
48.3% Bern
91%
51.9% Bucharest
91%
49.5% Edinburgh
91%
52.5% Hamburg
90%
49.9% Naples
90%
49.6% Sofia
90%
47.9% Glasgow
89%
47.5% Riga
89%
51.9% Venice
89%
62.0% Zagreb
89%
48.1% Marseille
88%
49.7% Minsk
88%
48.6% Liverpool
87%
47.4% Lyon
87%
45.4% Zurich
87%
47.8% Frankfurt
86%
47.6% Porto
85%
49.2% Reykjavík
85%
45.0% Tallinn
85%
45.7% Belgrade
84%
41.9% Rotterdam
84%
41.5% Sarajevo
84%
39.3% Birmingham
83%
41.6% Vilnius
83%
43.9% Kraków
81%
40.9% Sevilla
81%
37.2% Tirana
81%
40.4% Valencia
81%
39.0% Florence
80%
39.0% Geneva
80%
41.3% Belfast
79%
41.0% Bratislava
79%
43.9% Cologne
79%
45.1% Nice
78%
39.7% Turin
78%
35.3% Cardiff
76%
37.7% Bordeaux
74%
35.1% Palermo
73%
45.6% Luxembourg
72%
33.6% Skopje
72%
29.7% Chisinau
71%
29.4% Leeds
71%
33.4% Ljubljana
71%
34.3% Malmö
71%
45.8% Monaco
70%
30.2% Antwerp
69%
36.6% Gdańsk
69%
35.3% The Hague
69%
31.7% Bilbao
68%
32.2% Dusseldorf
68%
28.5% Gothenburg
68%
31.8% Stuttgart
66%
30.0% Thessaloniki
65%
50.6% Istanbul
64%
30.6% Toulouse
64%
27.8% Odessa
62%
32.0% Salzburg
62%
32.6% Dresden
61%
32.1% Genoa
61%
28.6% Lille
61%
29.7% Cork
60%
33.3% Strasbourg
60%
27.9% Bergen
59%
31.8% Leipzig
59%
37.1% Vatican City
59%
29.0% Nuremberg
56%
31.2% Bremen
54%
34.3% Dortmund
54%
32.4% San Marino
54%
29.1% Hanover
51%
39.3% Andorra la Vella
43%
28.5% Oxford
42%
32.1% Volgograd
42%
29.6% Kaliningrad
37%
29.4% York
37%
No matching quizzes found
Score Distribution
Percent of People with Each Score
Percentile by Number Answered
Your Score History
You have not taken this quiz